Estadísticas para Máximos goleadores de la Bundesliga 2020-2021

Haz click aquí para intentar la prueba.

Estadísticas generales

  • Esta prueba ha sido intentada 9 veces
  • La puntuación promedio es 5 de 11

Estadísticas de respuestas

GolesNacionalidadEquipoJugador% Correcto
27NoruegaBorussia DortmundErling Haaland
100%
41PoloniaBayern MúnichRobert Lewandowski
100%
28PortugalEintracht FráncfortAndré Silva
78%
11AlemaniaBayern MúnichThomas Müller
78%
20CroaciaTSG HoffenheimAndrej Kramarić
67%
20Países BajosVfL WolfsburgoWout Weghorst
56%
11ArgentinaBayer LeverkusenLucas Alario
33%
11República Democrática del CongoVfB StuttgartSilas Wamangituka
22%
14AlemaniaBorussia MönchengladbachLars Stindl
0%
11AlemaniaF. C. Union BerlinMax Kruse
0%
16AustriaVfB StuttgartSaša Kalajdžić
0%

Distribución de puntuación

Porcentaje por número respondido

Porcentaje de gente con cada puntuación

Historial de tus puntuaciones

No has intentado esta prueba.